Right or wrong flag? #2 - Sudden Death - Statistics

General Stats
  • This quiz has been taken 300 times
  • The average score is 5 of 20
Answers on the Grid
Answers color-coded by a green-red scale on the quiz's grid according to % correct below.
 
Answer Stats
Answer % Correct
38%
30%
29%
27%
27%
26%
26%
24%
24%
24%
21%
21%
20%
19%
19%
18%
17%
16%
15%
15%
No matching quizzes found
Score Distribution
Percent of People with Each Score
Percentile by Number Answered
Your Score History
You have not taken this quiz